LEADER 01311nam a2200277 i 4500 001 000000113911 003 CaOOAMICUS 005 20030407000000.0 008 030407s1982 it u000 u ita u 013 $a86597 040 $aSeMil$bita 100 1 $aMerendino, Rosario Pius.$0(OLS)http://semarc/name/17267 245 13$aLa parola spezzata :$briflessioni sul sapere e non-sapere biblico /$cRosario Pio Merendino. 260 $aRoma :$bBorla,$cstampa 1982. 300 $a213 p. ;$c19 cm. 490 0 $aNuovi sentieri di Emmaus : nella ricerca dei contemporanei 500 $aFondo Card. C.M. Martini. 650 4$aBibbia. Antico Testamento - Commentari, studi, critica, interpretazioni.$0(OLS)http://semarc/subject/2 650 4$aBibbia. Nuovo Testamento - Commentari, studi, critica, interpretazioni.$0(OLS)http://semarc/subject/184 830 0$aNuovi sentieri di Emmaus : nella ricerca dei contemporanei [Borla].$0(OLS)http://semarc/title/10445 850 $aSeMil 852 $aSeMil$W1$xVenegono$y1$m2V I 11$j69557$B69557$CSeMilBibl$Z2$F85594 $81 941 1 $a4 961 $aOmaggio: Martini Card. Carlo Maria 996 $6245$aLa parola spezzata :$briflessioni sul sapere e non-sapere biblico$9(OLS)http://semarc/title/166424 996 $6260$aRoma :$bBorla$9(OLS)http://semarc/publisher/29677 LEADER 01007nam a2200229 i 4500 001 000000146799 003 CaOOAMICUS 005 20260331154505.0 008 060117s1985 it u000 u ita u 040 $aSeMil$bita 245 10$aCambridge. Dizionario italiano-inglese, inglese-italiano. 264 1$aMilano :$bSignorelli,$c1985. 300 $a2276 p. ;$c25 cm. 500 $aIn mezzo al front.: Dal "Cambridge Italian Dictionary" di Barbara Reynolds, Cambridge University press 650 4$aLingua inglese - Dizionari, vocabolari, glossari, etc.$0(OLS)http://semarc/subject/335 700 1 $aReynolds, Barbara.$0(OLS)http://semarc/name/58359 850 $aSeMil 852 $aSeMil$W1$xVenegono$y1$m1P VI 23$j269462$B99417$CSeMilBibl$Z2$F108091 $81 961 $aLascito: Mondonico don Giorgio 996 $6245$aCambridge. Dizionario italiano-inglese, inglese-italiano$9(OLS)http://semarc/title/214678 996 $6264$aMilano :$bSignorelli$9(OLS)http://semarc/publisher/31508